| 000 | 01223cam a2200337 i 4500 | ||
|---|---|---|---|
| 999 |
_c57005 _d57005 |
||
| 001 | 57005 | ||
| 003 | Mx-PuUPA | ||
| 005 | 20240410104053.0 | ||
| 008 | 140415s2015 ag gr 001 0 spa d | ||
| 020 | _a9789501202762 | ||
| 040 |
_aMx-PuUPA _bspa _cMx-PuUPA _dMx-PuUPA _erda |
||
| 041 | 1 |
_aspa _heng |
|
| 100 | 1 |
_aWilliams, Raymond, _99809 _d1921-1988 _eautor |
|
| 240 | 1 | 0 |
_aCulture. _lEspañol |
| 245 | 1 | 0 |
_aSociología de la cultura / _cRaymond Williams ; traducción de Graziella Baravalle |
| 250 | _a2° edición | ||
| 264 | 4 |
_aBuenos Aires, Argentina : _bEditorial Paidós SAICF, _c©2015 |
|
| 300 |
_a207 páginas ; _c23 cm |
||
| 336 |
_atexto _2rdacontent _btxt |
||
| 337 |
_asin medio _2rdamedia _bn |
||
| 338 |
_avolumen _2rdacarrier _bnc |
||
| 490 | 0 | _aPaidós Espacios del saber | |
| 650 | 4 | _aCultura | |
| 650 | 4 | _aEstudios interculturales | |
| 700 | 1 |
_aBaravalle, Graziella, _etraductor _94752 |
|
| 765 | 1 | 8 |
_aWilliams, Raymond, _d[Lugar de publicación no identificado] : HarperCollins Publishers Ltd, 1981 _tCulture. |
| 942 |
_2ddc _cLI _h306 _iW664 |
||